Bleep A Bleep A Bleep A Quiz Stats

 Plays Quiz Updated Nov 16, 2018

Support Sporcle.
Go Orange.
Score 0/29 Timer 09:00
0 Plays Today
Clue Word % Correct
Eating one 100g specimen of this fruit will give you 8% of your recommended daily potassium Banana
88.5%
The largest hot desert in the worldSahara
85.8%
The Great White North, ehCanada
82%
The first word of a Lion King song title is 'Hakuna'. What's the second?Matata
70.1%
The ending to the famous palindrome - 'A Man A Plan A Canal' ...Panama
61.4%
Japanese maker of motorcycles and musical instrumentsYamaha
54.3%
A shelter on a beach or at a swimming pool used as a bathhouseCabana
48.8%
This capital is the largest city in the CaribbeanHavana
48.2%
This weapon is often referred to as a 'Samurai sword'Katana
44.2%
An island nation has its capital on New Providence, and its second biggest city, Freeport, on Grand ______, mama!Bahama
43.4%
Mystical aspects of Judaism. Madonna is a noted adherent (variant spelling)Kabala
41.3%
Hotel chain first opened in Flagstaff, Arizona in 1954Ramada
28.2%
Percussion instrument usually played in pairsMaraca
24.5%
Tropical fruit sometimes called a 'big melon' or (outside of North America), a 'paw paw'. According to Elvis, Queenie Wahine had onePapaya
24.3%
Video game released by Namco (Midway) in 1981 as a sequel to GalaxianGalaga
21.7%
Clue Word % Correct
A Broadway musical about labour troubles in a nightwear factory, and made into a 1957 movie starring Doris Day, was about this 'Game'Pajama
19.8%
Combination of dried spices, or paste, used in Indian cooking. A 1991 movie about Indian emigrees in Mississippi has this word in the titleMasala
18.1%
Along with Villa, a primary leader of the Mexican RevolutionZapata
12.4%
Winter melon with yellow rind and sweet white fleshCasaba
10.9%
Dancer Lola, discovered by Sammy Davis Jr, once known as 'The Queen of Las Vegas'Falana
9.4%
Birthplace of Picasso, this is the warmest large city of EuropeMálaga
9.4%
Judean fortress seiged by the Romans; the siege was made into a 1981 TV miniseriesMasada
9.3%
Southern Mexican state, and its largest cityOaxaca
8.8%
Pitcher Frank won 240 games from 1973 - 1993; one of only two pitchers to give up a home run to both Hank Aaron and Barry BondsTanana
8.2%
The Murjan Tower, over 1 km tall, has been proposed for this Middle Eastern capitalManama
8.1%
In 1963, this federation, along with Singapore, Sarawak and North Borneo formed the country of MalaysiaMalaya
7.8%
From 'The Day the Earth Stood Still' - 'Klaatu ______ Nikto', one of the classic commands in science fiction. (middle word)Barada
6.4%
A major 1943 battle took place on this Kiribati atollTarawa
4.5%
This magician, father of Zatanna, first appeared in Action Comics #1, as did a character named 'Superman'Zatara
2.6%

From the Vault

Most Mentioned Gryffindors

by titanjmg

You just wish you were on this list.
Remove Ads.
Support Sporcle.
Get the best of Sporcle when you Go Orange. This ad-free experience offers more features, more stats, and more fun while also helping to support Sporcle. Thank you for becoming a member.

Show Comments

Extras

Top Quizzes Today


Score Distribution

Your Account Isn't Verified!

In order to create a playlist on Sporcle, you need to verify the email address you used during registration. Go to your Sporcle Settings to finish the process.

Report this User

Report this user for behavior that violates our Community Guidelines.

Details: